00749nam a2200193 a 450000100100000000500170001000800410002702000180006804000250008608200150011110000430012624500420016926000660021130000280027750000470030550400730035295201130042599900170053800004088520201002034442.0130910s2011 pr a 000 0 spa d a9780865816473 aDO-SdBNPbspacBNPHU axxxxbxxxx1 aRamos Otero, Manuel,d1948-199096731513aLa novelabingo /cManuel Ramos Otero. aPuerto Rico, :bInstituto de cultura puertorriqueña,c2011. a151 p. :bil. ;c21 cm. aIncluye datos biográficos en las solapas aIncluye referencias bibliográficas y notas al pie de las páginas 001050718MOaGRbGRcHDd2013-09-10iLF1l0oxxxx xxxxp40885-10r2020-06-25w2020-06-25y1ZNo se presta c40375d40375